Mad about Cuba/ (Record no. 751316)

MARC details
000 -LEADER
fixed length control field 00333nam a22001337a 4500
020 ## - INTERNATIONAL STANDARD BOOK NUMBER
ISBN 9780143469018
082 ## - DEWEY DECIMAL CLASSIFICATION NUMBER
Classification number 972.91 ULL/M
100 ## - MAIN ENTRY--AUTHOR NAME
Personal name Ullekh, N.P.
245 ## - TITLE STATEMENT
Title Mad about Cuba/
Statement of responsibility, etc by Ullekh
260 ## - PUBLICATION, DISTRIBUTION, ETC. (IMPRINT)
Place of publication . - Haryana
Name of publisher : Penguin random house
Year of publication , 2024
300 ## - PHYSICAL DESCRIPTION
Number of Pages 223 pages
942 ## - ADDED ENTRY ELEMENTS (KOHA)
Source of classification or shelving scheme Dewey Decimal Classification
Koha item type Book
Holdings
Withdrawn status Lost status Source of classification or shelving scheme Damaged status Not for loan Home Library Current Location Date acquired Full call number Accession Number Price effective from Koha item type
    Dewey Decimal Classification     Dept. of Political Science Dept. of Political Science 01/03/2025 972.91 ULL/M POL23767 12/09/2025 Book